Analyza produktov financovania pre SME klientelu vo vybranej komercnej banke bakalárska práca

Salvato in:
Dettagli Bibliografici
Autore principale: Hotový, Pavol
Ente Autore: Národohospodárska fakulta EU. Katedra bankovníctva a medzinárodných financií
Altri autori: Škodová, Lenka
Natura: Libro
Lingua:slovacco
Pubblicazione: Bratislava 2018
Tags: Aggiungi Tag
Nessun Tag, puoi essere il primo ad aggiungerne!!

MARC

LEADER 00000nbm a2200000 4500
001 0245827
005 20181213130813.6
041 0 |a slo 
044 |a SK 
245 1 0 |a Analyza produktov financovania pre SME klientelu vo vybranej komercnej banke  |b bakalárska práca  |c Pavol Hotový ; školiteľ: Lenka Škodová 
264 1 |a Bratislava  |c 2018 
300 |a 41 s. 
100 1 |a Hotový, Pavol 
700 1 |a Škodová, Lenka 
710 2 |a Národohospodárska fakulta EU. Katedra bankovníctva a medzinárodných financií